| 000 | 00739nam a2200241 a 4500 | ||
|---|---|---|---|
| 001 | 000026520 | ||
| 005 | 20200930030251.0 | ||
| 008 | 110114s1988 dr ab 001 0 eng d | ||
| 040 |
_aDO-SdBNP _bspa _cBNPHU |
||
| 041 | 1 | 7 | _2eng |
| 082 |
_a972.93 _bR776d, 1988 |
||
| 100 | 1 |
_aRood, Carlton Alexander _949051 |
|
| 245 | 1 | 0 |
_aA dominican chronicle / _cCarlton Alexander Rood. |
| 246 | 2 | 3 | _aHistory of Hispaniola/Dominican Republic |
| 250 | _a3a. ed. | ||
| 260 |
_aSanto Domingo : _bTaller, _c1988. |
||
| 300 |
_a210 p. : _bil. ; mapa. |
||
| 504 | _aBibliografía: p. 205-206. | ||
| 546 | _aInglés | ||
| 590 | _aInventariado, 2020/BT | ||
| 651 | 4 |
_aRepública Dominicana _xHistoria _9170 |
|
| 910 | _aValidado. Control de calidad EMS. | ||
| 999 |
_c26012 _d26012 |
||